| 000 | 00697naa a2200205 a 4500 | ||
|---|---|---|---|
| 001 | 79066 | ||
| 003 | BD-RjUL | ||
| 005 | 20211227100952.0 | ||
| 008 | 211227s1952 ii ||||| |||| 00| 0 ara d | ||
| 035 | _a(BD-RjUL)79066 | ||
| 040 |
_aBD-RjUL _beng _cBD-RjUL |
||
| 041 | _aara | ||
| 082 |
_223 _a297.125 _bAHM 1952 |
||
| 100 |
_aahad muhamad abd ;; احد, محمد عبد _9372 |
||
| 245 |
_aمشكوة المصابح مع الاكمال فى اسماء الرجال ;; mashkuat almasabih maa al akmal fi asma' al rijal / _cمحمد عبد الاحد ;; Muhammad Abdul Ahad |
||
| 260 |
_aHelhi : _bFi al Matbae Mjtabe, _c1952 |
||
| 300 |
_a584 p. ; _c32 cm |
||
| 650 | _aHadith | ||
| 942 |
_2ddc _cBK |
||
| 999 |
_c79066 _d79066 |
||